000 01102nam0a22002651 4500
001 rc\3359558
005 20260407111948.0
021 _aRU
_b[70-91449]
035 _a(NLR Aleph) 007525024
090 _a7737390
_c7737390
100 _a20130115d1970 |||y0rusy50 ca
101 0 _arus
102 _aRU
105 _ay z |||||
200 1 _aЛечение болезни Боткина
_eМатериалы симпозиума, состоявшегося в г. Одессе
_fПод ред. проф. Е.С. Кетиладзе
_gИн-т вирусологии им. Д.И. Ивановского. АМН СССР
210 _aМосква
_cБ. и.
_d1970
215 _a95 с.
_d21
606 _aГепатит эпидемический
_xЛечение
_2psbo
702 1 _aКетиладзе
_bЕ.С.
_gЕлена Северьяновна
_4340
712 0 2 _aИнститут вирусологии им. Д. И. Ивановского
_cМосква
_3RU\NLR\AUTH\8810063972
_9629530
801 0 _aRU
_bNLR
_gpsbo
801 1 _aRU
_bELAR
_2rusmarc
852 _aNLR
_j70-6/9895
942 _cBOOK
980 _aNB